000 00694cam a2200229 a 4500
003 MX-MxUPN
005 20241203063738.0
008 090205s2005 ck a ar 000 0 spa d
020 _a9806915518
035 _aUPN01000168805
040 _aMX-MxUPN
_bspa
050 4 _aQA40.5
_bS5.3
100 1 _aSilva, José
_933581
245 1 3 _aLa casa del árbol
260 _aBogotá :
_bEl Nacional,
_c2005.
300 _a31 páginas :
_bilustraciones a color
490 _aBrújula de papel. Matemática ;
_v24
650 4 _aMatemáticas
_vLiteratura infantil
_922413
700 1 _aBracci Cordido, Daniel A.
_eilustración
_954843
902 _bVíctorGodínez/021224
942 _2lcc
_cLIBRO
999 _c140911
_d140911